[Event "Stuttgarter Stadtmeisterschaft B-Turnier"]
[Site "Ditzingen"]
[Date "2009.05.23"]
[Round "5.53"]
[White "Zeyer, Gabriel"]
[Black "Hartmann, Anatoli"]
[Result "1/2-1/2"]
[WhiteElo "1461"]
[BlackElo "1642"]
[PlyCount "71"]
[EventDate "2009.??.??"]

1. c4 c6 2. d4 e6 3. Nc3 d5 4. e3 Nf6 5. Nf3 Bb4 6. Bd2 Be7 7. Be2 Nbd7 8. O-O
O-O 9. a3 Ne4 10. Qc2 Nxd2 11. Nxd2 f5 12. f4 Nf6 13. cxd5 Nxd5 14. Nxd5 cxd5
15. Nf3 Bf6 16. Ne5 Bxe5 17. fxe5 Bd7 18. Qb3 Rb8 19. Rac1 a6 20. Qa2 b5 21. b4
Rc8 22. Qb2 Qb6 23. Rxc8 Rxc8 24. Rc1 Qb7 25. g4 g5 26. Rc2 Rxc2 27. Qxc2 Qc6
28. Qxc6 Bxc6 29. Kf2 Kf7 30. Kg3 Kg6 31. h3 Bd7 32. Bf3 h6 33. Be2 fxg4 34.
hxg4 Kf7 35. Bf3 Bc6 36. Kf2 1/2-1/2

[Event "Stuttgarter Stadtmeisterschaft B-Turnier"]
[Site "Ditzingen"]
[Date "2009.05.23"]
[Round "5.54"]
[White "Heilmeier, Tom"]
[Black "Wendland, Tobias"]
[Result "1-0"]
[WhiteElo "1342"]
[BlackElo "1622"]
[PlyCount "81"]
[EventDate "2009.??.??"]

1. e4 e6 2. d4 d5 3. exd5 exd5 4. Nf3 Nf6 5. Bd3 Be7 6. c3 O-O 7. O-O Bg4 8.
Re1 c6 9. h3 Bh5 10. Bf4 Nbd7 11. Nbd2 Re8 12. Qb3 Qb6 13. Qxb6 axb6 14. Ne5 c5
15. Bb5 Rad8 16. Re3 cxd4 17. cxd4 Bb4 18. Nb3 Rf8 19. Rc1 Nxe5 20. Bxe5 Ne4
21. Rc2 Rc8 22. Rxc8 Rxc8 23. f3 Nd2 24. Nxd2 Bxd2 25. Re2 Rc1+ 26. Kh2 Rc2 27.
Kg1 Rxb2 28. Bf4 Rb1+ 29. Kf2 Bb4 30. Re8+ Bf8 31. Bd6 h6 32. Rxf8+ Kh7 33.
Bd3+ Bg6 34. Bxb1 Bxb1 35. a3 b5 36. Rxf7 Kg6 37. Rxb7 Bd3 38. Be5 Kh5 39. Rxg7
Kh4 40. Bf6+ Kh5 41. g4# 1-0

[Event "Stuttgarter Stadtmeisterschaft B-Turnier"]
[Site "Ditzingen"]
[Date "2009.05.23"]
[Round "5.55"]
[White "Schmidt, Tobias"]
[Black "Reiß, Michael"]
[Result "0-1"]
[WhiteElo "1057"]
[BlackElo "1358"]
[PlyCount "62"]
[EventDate "2009.??.??"]

1. e4 d5 2. exd5 Qxd5 3. Nf3 Nf6 4. d4 Nc6 5. c4 Qe4+ 6. Be2 Bg4 7. Nc3 Qg6 8.
Nb5 O-O-O 9. Qa4 a6 10. Nc3 Bxf3 11. Bxf3 Nxd4 12. Rb1 Nxf3+ 13. gxf3 Qg2 14.
Rf1 Qxf3 15. Bg5 Ne4 16. Nxe4 Qxe4+ 17. Be3 Qxb1+ 18. Ke2 Qxb2+ 19. Kf3 e5 20.
Kg2 Qa3 21. Qc2 Qd3 22. Qa4 Be7 23. Rc1 Qg6+ 24. Kf1 Bg5 25. Bxg5 Qxg5 26. Re1
Qf4 27. Kg2 Rd2 28. Rf1 Rd6 29. Re1 Qg4+ 30. Kf1 Qh3+ 31. Ke2 Qd3# 0-1

[Event "Stuttgarter Stadtmeisterschaft B-Turnier"]
[Site "Ditzingen"]
[Date "2009.05.23"]
[Round "5.56"]
[White "Lebeda, Lukas"]
[Black "Sievers, Gerda"]
[Result "1-0"]
[WhiteElo "1710"]
[BlackElo "1232"]
[PlyCount "81"]
[EventDate "2009.??.??"]

1. c4 c5 2. Nf3 d6 3. g3 Nf6 4. Bg2 g6 5. Nc3 Bg7 6. O-O O-O 7. b3 a6 8. Bb2
Nc6 9. Rb1 Rb8 10. d4 cxd4 11. Nxd4 Bd7 12. f4 Nxd4 13. Qxd4 Ne8 14. Qe3 e6 15.
Rfd1 Bc6 16. Ne4 Bxb2 17. Rxb2 Qc7 18. Nc3 Bxg2 19. Kxg2 b6 20. Rbd2 Rd8 21.
Ne4 Qb7 22. Qf3 Qb8 23. Rd4 b5 24. Qd3 bxc4 25. bxc4 Qb7 26. Kh3 Qc7 27. c5 d5
28. Qxa6 Qd7 29. Kg2 Kg7 30. c6 Qc7 31. Nc5 Nd6 32. Rb4 Nf5 33. Rdb1 d4 34.
Nxe6+ fxe6 35. Rb7 Qxb7 36. cxb7 Rb8 37. Qxe6 Kh6 38. a4 Kg7 39. a5 Rf7 40.
Qe5+ Kh6 41. Qxb8 1-0

[Event "Stuttgarter Stadtmeisterschaft B-Turnier"]
[Site "Ditzingen"]
[Date "2009.05.23"]
[Round "5.57"]
[White "Schulz, Zdravko"]
[Black "Sigmund, Wolfgang"]
[Result "0-1"]
[WhiteElo "1329"]
[BlackElo "1484"]
[PlyCount "60"]
[EventDate "2009.??.??"]

1. e4 e5 2. Nf3 Nc6 3. Bc4 Bc5 4. c3 Nf6 5. d3 d5 6. exd5 Nxd5 7. O-O O-O 8. d4
exd4 9. cxd4 Bb6 10. Nc3 Be6 11. Nxd5 Bxd5 12. Bxd5 Qxd5 13. Be3 Rad8 14. Qc2
Nb4 15. Qa4 Qa5 16. Qb3 Nc6 17. Rfd1 Qd5 18. Qc3 Rd6 19. a3 Rfd8 20. Rac1 Qe4
21. Re1 Qg6 22. Ne5 Nxe5 23. dxe5 Rd3 24. Qc2 Bxe3 25. fxe3 Rd2 26. Qxg6 hxg6
27. Rxc7 Rxb2 28. Rec1 Rdd2 29. Ra1 Rxg2+ 30. Kf1 Rxh2 0-1

[Event "Stuttgarter Stadtmeisterschaft B-Turnier"]
[Site "Ditzingen"]
[Date "2009.05.23"]
[Round "5.58"]
[White "Grözinger, Werner"]
[Black "Winterkorn, Nikolaus"]
[Result "0-1"]
[WhiteElo "1379"]
[BlackElo "1449"]
[PlyCount "152"]
[EventDate "2009.??.??"]

1. c4 Nc6 2. Nf3 e5 3. d3 Nf6 4. a3 h6 5. Nc3 d6 6. e3 a6 7. Be2 Be7 8. b4 Bd7
9. Bb2 Na7 10. Rc1 O-O 11. e4 c5 12. bxc5 Nc6 13. cxd6 Bxd6 14. O-O Qe7 15. Ra1
Bg4 16. Nd5 Nxd5 17. exd5 Nd8 18. Nd2 Bxe2 19. Qxe2 f6 20. Ne4 Nf7 21. a4 Rfc8
22. Rfc1 Nh8 23. Qg4 Nf7 24. Nxd6 Qxd6 25. Ba3 Qd8 26. Qe6 Rc7 27. c5 Re7 28.
Qb6 Qxd5 29. c6 Ree8 30. cxb7 Rab8 31. Rab1 Qxd3 32. Rb3 Qd5 33. Rbc3 Rxb7 34.
Qxa6 Rd7 35. h3 Kh7 36. Rc8 Red8 37. Rxd8 Rxd8 38. Qb5 Qa8 39. Qc4 Rd7 40. Qc2+
Kg8 41. Qc8+ Rd8 42. Qxa8 Rxa8 43. Rc4 Ra7 44. f3 Ng5 45. Kf2 Ne6 46. Bc1 Kh7
47. Be3 Ra6 48. Ke2 f5 49. Bd2 Kg6 50. a5 Nd4+ 51. Kd3 Nb3 52. Ra4 Nc5+ 53. Kc4
Nxa4 54. Kb5 Rd6 55. Bb4 Rd1 56. Kxa4 e4 57. fxe4 fxe4 58. a6 e3 59. Kb5 e2 60.
a7 Rb1 61. a8=Q e1=Q 62. Qc6+ Kh7 63. Qc2+ Kg8 64. Qc4+ Kh8 65. Qc8+ Kh7 66.
Qf5+ Kg8 67. Qc8+ Kf7 68. Qc4+ Qe6 69. Qc7+ Kf6 70. Qd8+ Kg6 71. g4 Qe5+ 72.
Ka4 Ra1+ 73. Ba3 Qe4+ 74. Kb5 Qb7+ 75. Kc4 Qa6+ 76. Kc5 Qxa3+ 0-1

[Event "Stuttgarter Stadtmeisterschaft B-Turnier"]
[Site "Ditzingen"]
[Date "2009.05.23"]
[Round "6.1"]
[White "Lutz, Herbert"]
[Black "Huynh, Nhi Lang"]
[Result "1-0"]
[WhiteElo "1893"]
[BlackElo "1841"]
[PlyCount "97"]
[EventDate "2009.??.??"]

1. d4 Nf6 2. Nf3 e6 3. g3 c5 4. Bg2 Nc6 5. c3 cxd4 6. cxd4 Be7 7. O-O O-O 8.
Nc3 d5 9. b3 Ne4 10. Bb2 f5 11. e3 Bd7 12. Ne2 Rc8 13. Ne1 Qa5 14. f3 Nd6 15.
Nd3 Bg5 16. f4 Bf6 17. Nc5 Qd8 18. a3 b6 19. Nd3 h5 20. Ne5 h4 21. Ng6 Re8 22.
gxh4 Bxh4 23. Ng3 Nf7 24. Qh5 Bxg3 25. hxg3 Nh6 26. Bf3 Qf6 27. Rf2 Red8 28.
Ne5 Be8 29. Qh3 Nxe5 30. dxe5 Qg6 31. Bd4 Ng4 32. Rd2 Rc7 33. Be2 Rdc8 34. Bd3
Rc1+ 35. Rd1 Rxa1 36. Rxa1 Rc7 37. a4 Qf7 38. Kg2 Qe7 39. Rh1 Bg6 40. Qh8+ Kf7
41. Qb8 Rb7 42. Qd6 Rc7 43. Qxe7+ Kxe7 44. Kf3 Kf7 45. Bb2 Ke7 46. Rh8 Be8 47.
Ba3+ Rc5 48. Bxc5+ bxc5 49. Bb5 1-0

[Event "Stuttgarter Stadtmeisterschaft B-Turnier"]
[Site "Ditzingen"]
[Date "2009.05.23"]
[Round "6.2"]
[White "Faerber, Eric"]
[Black "Reichardt, Bernd"]
[Result "1/2-1/2"]
[WhiteElo "1881"]
[BlackElo "1729"]
[PlyCount "59"]
[EventDate "2009.??.??"]

1. e4 e6 2. d4 d5 3. Nd2 Nc6 4. Ngf3 Nge7 5. c3 Ng6 6. Bb5 a6 7. Ba4 Be7 8. O-O
O-O 9. Re1 b5 10. Bc2 Nb8 11. exd5 exd5 12. Ne5 Nxe5 13. dxe5 Nc6 14. Nf3 Bg4
15. Qd3 g6 16. Nd4 Nxd4 17. Qxd4 Be6 18. f4 c5 19. Qf2 f5 20. exf6 Rxf6 21. f5
Bxf5 22. Bg5 Rf7 23. Bxf5 gxf5 24. Rxe7 Rxe7 25. Bxe7 Qxe7 26. Qxf5 Qe3+ 27.
Kh1 Qe4 28. Qg5+ Kh8 29. Qf6+ Kg8 30. Qg5+ 1/2-1/2

[Event "Stuttgarter Stadtmeisterschaft B-Turnier"]
[Site "Ditzingen"]
[Date "2009.05.23"]
[Round "6.3"]
[White "Riegel, Frank"]
[Black "Klaus, Michael"]
[Result "1/2-1/2"]
[WhiteElo "1811"]
[BlackElo "1897"]
[PlyCount "87"]
[EventDate "2009.??.??"]

1. e4 c5 2. c4 d6 3. Nc3 Nc6 4. g3 g6 5. Bg2 Bg7 6. Nge2 e6 7. O-O Nge7 8. d3
O-O 9. Be3 e5 10. Qd2 Be6 11. Bh6 Qd7 12. Bxg7 Kxg7 13. f4 f5 14. Bh3 Rad8 15.
Rf2 fxe4 16. Bxe6 Qxe6 17. Nxe4 Nf5 18. Re1 Nfd4 19. Nxd4 Nxd4 20. Kg2 h6 21.
Ref1 Rf5 22. Qa5 Nc6 23. Qd2 b6 24. a3 d5 25. cxd5 Qxd5 26. fxe5 Qxe5 27. g4
Rxf2+ 28. Qxf2 Qe6 29. g5 hxg5 30. Nxg5 Qd5+ 31. Ne4 Qe6 32. Qh4 Rd4 33. Ng5
Qd5+ 34. Ne4 Qe6 35. Rf3 Ne5 36. Rh3 Qg4+ 37. Qxg4 Nxg4 38. Rg3 Ne5 39. Nf2 c4
40. dxc4 Nxc4 41. Rd3 Rxd3 42. Nxd3 Kf6 43. Kf3 Kf5 44. h3 1/2-1/2

[Event "Stuttgarter Stadtmeisterschaft B-Turnier"]
[Site "Ditzingen"]
[Date "2009.05.23"]
[Round "6.4"]
[White "Lerner, Jürgen"]
[Black "Schmidt, Markus"]
[Result "1/2-1/2"]
[WhiteElo "1874"]
[BlackElo "1794"]
[PlyCount "118"]
[EventDate "2009.??.??"]

1. d4 Nf6 2. c4 g6 3. Nc3 Bg7 4. e4 d6 5. Be2 O-O 6. Bg5 Nbd7 7. Qd2 c5 8. d5
Ne8 9. h4 f6 10. Bh6 Ne5 11. Bxg7 Nxg7 12. h5 Nxh5 13. Bxh5 gxh5 14. Qe2 Bg4
15. f3 Bd7 16. Rxh5 Qe8 17. Rh2 Qg6 18. O-O-O f5 19. Nh3 Rf7 20. Rdh1 fxe4 21.
Nxe4 Bxh3 22. Rxh3 Rg7 23. g4 Rf8 24. Rh6 Qf7 25. R6h5 Qxf3 26. Qxf3 Nxf3 27.
Ng3 Nd4 28. Nf5 Nxf5 29. gxf5 Rf6 30. Kc2 h6 31. Rxh6 Rxf5 32. R1h2 Rfg5 33.
Rh8+ Kf7 34. Rf2+ Kg6 35. Rb8 Rg4 36. b3 Kg5 37. Rxb7 Kh4 38. Rxa7 e5 39. Rxg7
Rxg7 40. Rf6 Kg3 41. Rxd6 Kf3 42. Re6 e4 43. d6 Rg2+ 44. Kc3 e3 45. b4 cxb4+
46. Kxb4 Rg4 47. Kb5 e2 48. Rxe2 Kxe2 49. c5 Rd4 50. Kc6 Kd3 51. Kc7 Kc4 52. c6
Kc5 53. d7 Rd6 54. Kb7 Kb5 55. a3 Kc5 56. a4 Kb4 57. Kc7 Kc5 58. a5 Rxc6+ 59.
Kb7 Rd6 1/2-1/2

[Event "Stuttgarter Stadtmeisterschaft B-Turnier"]
[Site "Ditzingen"]
[Date "2009.05.23"]
[Round "6.5"]
[White "Scheuer, Volker"]
[Black "Gibicar, Danijel"]
[Result "0-1"]
[WhiteElo "1775"]
[BlackElo "1829"]
[PlyCount "84"]
[EventDate "2009.??.??"]

1. e4 e6 2. d4 d5 3. Nc3 Bb4 4. exd5 exd5 5. Bd3 Ne7 6. a3 Bxc3+ 7. bxc3 O-O 8.
Nf3 Bf5 9. O-O Bxd3 10. Qxd3 Ng6 11. Rb1 b6 12. Re1 Qd6 13. Qf5 Nc6 14. a4 Na5
15. h4 Rae8 16. Be3 Qe6 17. Qd3 Qd7 18. h5 Ne7 19. Ne5 Qc8 20. Bc1 f6 21. Nf3
Nc4 22. h6 g6 23. Bf4 Qd7 24. Nh4 c6 25. Qg3 Qc8 26. Re2 Nf5 27. Nxf5 Rxe2 28.
Ne3 Nxe3 29. Bxe3 Rxc2 30. Qd6 Rxc3 31. Bd2 Rc2 32. Bb4 Qd8 33. Qe6+ Rf7 34.
Re1 c5 35. dxc5 bxc5 36. Qc6 Re7 37. Rxe7 Qxe7 38. Qxd5+ Kf8 39. Qa8+ Qe8 40.
Qxa7 Rc1+ 41. Kh2 Qe5+ 42. g3 Qh5+ 0-1

[Event "Stuttgarter Stadtmeisterschaft B-Turnier"]
[Site "Ditzingen"]
[Date "2009.05.23"]
[Round "6.6"]
[White "Stadler, Marcus"]
[Black "Wolff, Sidney Robert"]
[Result "1/2-1/2"]
[WhiteElo "1828"]
[BlackElo "1716"]
[PlyCount "64"]
[EventDate "2009.??.??"]

1. e4 d5 2. exd5 Qxd5 3. d4 c6 4. c4 Qa5+ 5. Bd2 Qc7 6. Nf3 Bg4 7. Be2 e6 8.
O-O Nf6 9. Ne5 Bf5 10. Nc3 Nbd7 11. f4 Be7 12. Be3 O-O 13. h3 h6 14. g4 Bh7 15.
Bd3 Bxd3 16. Qxd3 Nh7 17. Rf3 Rad8 18. Qe2 Nxe5 19. dxe5 Rd7 20. Raf1 Rfd8 21.
Bc1 Re8 22. Qe1 Qd8 23. f5 Bh4 24. Qe2 Ng5 25. Re3 Qb6 26. Kh1 Red8 27. Ne4
Nxe4 28. Rxe4 Bg5 29. fxe6 fxe6 30. Bxg5 hxg5 31. Qf3 Qxb2 32. Re2 Qd4 1/2-1/2

[Event "Stuttgarter Stadtmeisterschaft B-Turnier"]
[Site "Ditzingen"]
[Date "2009.05.23"]
[Round "6.7"]
[White "Zuferi, Enis"]
[Black "Steiert, Roland"]
[Result "1-0"]
[WhiteElo "1888"]
[BlackElo "1735"]
[PlyCount "77"]
[EventDate "2009.??.??"]

1. d4 Nf6 2. c4 c5 3. d5 e6 4. Nc3 exd5 5. cxd5 d6 6. Nf3 g6 7. g3 Bg7 8. Bg2
O-O 9. O-O Re8 10. Nd2 a6 11. a4 b6 12. Nc4 Ng4 13. Bf4 Ne5 14. Bxe5 Bxe5 15.
Qb3 b5 16. axb5 Bxc3 17. bxc3 Rxe2 18. b6 Bb7 19. Na5 Re7 20. Nc6 Nxc6 21. dxc6
c4 22. cxb7 Rxb7 23. Qc2 Rxb6 24. Bxa8 Qxa8 25. Rfb1 Rc6 26. Rb2 Rc7 27. Rab1
Kg7 28. Qd2 d5 29. Qd4+ Kh6 30. Qf4+ g5 31. Qxc7 Qe8 32. h4 Kh5 33. hxg5 h6 34.
Qf4 hxg5 35. g4+ Kh6 36. Rb6+ Kh7 37. Qxg5 Qf8 38. Qh5+ Kg8 39. Rb8 1-0

[Event "Stuttgarter Stadtmeisterschaft B-Turnier"]
[Site "Ditzingen"]
[Date "2009.05.23"]
[Round "6.8"]
[White "Helfrich, Leo"]
[Black "Pocrnic, Josip"]
[Result "1-0"]
[WhiteElo "1701"]
[BlackElo "1823"]
[PlyCount "59"]
[EventDate "2009.??.??"]

1. d4 d5 2. c4 c6 3. Nc3 e6 4. e3 Nf6 5. Nf3 dxc4 6. Bxc4 b5 7. Bd3 Bb7 8. Ne4
Nxe4 9. Bxe4 Nd7 10. O-O Bd6 11. Bd2 O-O 12. Rc1 Rc8 13. a3 f5 14. Bb1 Nf6 15.
Qb3 Nd5 16. Bb4 Bxb4 17. axb4 Qd6 18. Rc5 Rc7 19. Ne5 Nf6 20. Bxf5 Nd5 21. Be4
g6 22. Bxd5 exd5 23. Rfc1 Rfc8 24. e4 Kg7 25. exd5 cxd5 26. Qf3 a6 27. h4 a5
28. Rxc7+ Rxc7 29. Rxc7+ Qxc7 30. bxa5 1-0

[Event "Stuttgarter Stadtmeisterschaft B-Turnier"]
[Site "Ditzingen"]
[Date "2009.05.23"]
[Round "6.9"]
[White "Ostertag, Stephan"]
[Black "Zimmermann, Tobias"]
[Result "0-1"]
[WhiteElo "1795"]
[BlackElo "1729"]
[PlyCount "70"]
[EventDate "2009.??.??"]

1. c4 c5 2. Nc3 b6 3. g3 Bb7 4. Nf3 Nf6 5. Bg2 e6 6. d3 a6 7. e4 d6 8. O-O Qc7
9. Re1 Nbd7 10. Qe2 Be7 11. b3 O-O 12. Bb2 Rad8 13. d4 cxd4 14. Nxd4 Rfe8 15.
Rad1 Ne5 16. f4 Ng6 17. Nf3 Nd7 18. Kh1 Bf6 19. Qc2 b5 20. cxb5 axb5 21. Qd3 b4
22. Nb5 Qb6 23. Bxf6 Nxf6 24. Nxd6 Nxe4 25. Rxe4 Bxe4 26. Qxe4 Rxd6 27. Rxd6
Qxd6 28. Qc2 Rd8 29. Ng1 Ne7 30. Qc4 Nf5 31. Qe2 Qd2 32. Qe4 Ne3 33. Bf3 Nd1
34. Bxd1 Qxd1 35. Qxb4 Qd5+ 0-1

[Event "Stuttgarter Stadtmeisterschaft B-Turnier"]
[Site "Ditzingen"]
[Date "2009.05.23"]
[Round "6.10"]
[White "Knolmayer, Volker"]
[Black "Baelz, Juergen"]
[Result "1/2-1/2"]
[WhiteElo "1700"]
[BlackElo "1776"]
[PlyCount "142"]
[EventDate "2009.??.??"]

1. e4 c6 2. Nf3 d5 3. exd5 cxd5 4. d4 Nc6 5. c3 Bg4 6. Be2 Nf6 7. O-O e6 8. b4
Be7 9. b5 Na5 10. Nbd2 O-O 11. Ne5 Bxe2 12. Qxe2 Rc8 13. Bb2 Nd7 14. a4 Nxe5
15. Qxe5 Qd7 16. Rfe1 Nc4 17. Nxc4 Rxc4 18. Qe3 Rfc8 19. f4 Bd8 20. f5 Ba5 21.
fxe6 fxe6 22. Qxe6+ Qf7 23. Qxf7+ Kxf7 24. Rf1+ Kg8 25. Rf5 Rd8 26. Ra3 g6 27.
Re5 Kf7 28. Ra1 Rd7 29. h4 Bc7 30. Re3 Ba5 31. Kf2 Re7 32. Rxe7+ Kxe7 33. Re1+
Kf6 34. Re5 Rxa4 35. Bc1 Bxc3 36. Bg5+ Kf7 37. Re7+ Kf8 38. Rxb7 Bxd4+ 39. Ke2
Bb6 40. Rxh7 Ra5 41. Bh6+ Ke8 42. Rg7 Rxb5 43. Rxg6 Rb4 44. g3 a5 45. h5 Bd4
46. Rd6 Rb2+ 47. Kd3 Bf2 48. Rxd5 Bxg3 49. Rxa5 Rh2 50. Ke4 Bd6 51. Rf5 Rh1 52.
Kd5 Ba3 53. Ke6 Re1+ 54. Kf6 Bb2+ 55. Kg6 Re6+ 56. Kh7 Rf6 57. Rxf6 Bxf6 58.
Kg8 Bc3 59. Bg7 Bd2 60. Bf6 Be3 61. Kg7 Bd2 62. Bd4 Bc1 63. Bc5 Bd2 64. Kg6 Bc1
65. Kg7 Bd2 66. Bd4 Bc1 67. Kg8 Bd2 68. Bg7 Bc1 69. Kh7 Kf7 70. Bh6 Bxh6 71.
Kxh6 Kg8 1/2-1/2

[Event "Stuttgarter Stadtmeisterschaft B-Turnier"]
[Site "Ditzingen"]
[Date "2009.05.23"]
[Round "6.11"]
[White "Tölg, Wolfgang"]
[Black "Kühnel, Lena"]
[Result "0-1"]
[WhiteElo "1762"]
[BlackElo "1728"]
[PlyCount "60"]
[EventDate "2009.??.??"]
[WhiteTeam "SF Oeffingen e.V."]
[BlackTeam "SC 1948 Ersingen e.V."]

1. e4 e5 2. f4 Bc5 3. Nf3 d6 4. Bc4 Nc6 5. fxe5 Nxe5 6. Bb3 Bg4 7. Qe2 Bxf3 8.
gxf3 Qh4+ 9. Kd1 O-O-O 10. c3 Bb6 11. d4 Ng6 12. Bxf7 Nf4 13. Bxf4 Qxf4 14.
Be6+ Kb8 15. Nd2 a6 16. Rg1 g6 17. b4 Nf6 18. a4 c5 19. bxc5 dxc5 20. d5 Ba5
21. Qd3 Qxh2 22. Rf1 Qe5 23. Ra3 Qxe6 24. Nc4 Nxd5 25. Kc1 Nf4 26. Qe3 Nd3+ 27.
Kc2 Qxc4 28. Rd1 Nb4+ 29. Kc1 Rxd1+ 30. Kxd1 Qf1+ 0-1

[Event "Stuttgarter Stadtmeisterschaft B-Turnier"]
[Site "Ditzingen"]
[Date "2009.05.23"]
[Round "6.12"]
[White "Maisch, Julian"]
[Black "Hamm, Lukas"]
[Result "1/2-1/2"]
[WhiteElo "1757"]
[BlackElo "1655"]
[PlyCount "54"]
[EventDate "2009.??.??"]
[WhiteTeam "SF 59 Kornwestheim"]
[BlackTeam "SV Stuttgart-Wolfbusch 1956 e.V."]

1. e4 e5 2. Nf3 Nc6 3. Bb5 a6 4. Ba4 Be7 5. O-O Nf6 6. Re1 b5 7. Bb3 O-O 8. c3
d5 9. exd5 Nxd5 10. Nxe5 Nxe5 11. Rxe5 Nf6 12. d4 Bd6 13. Re1 Ng4 14. h3 Qh4
15. Be3 Nxe3 16. Rxe3 Bb7 17. Qg4 Qf6 18. Nd2 Rae8 19. Rae1 Rxe3 20. Rxe3 Bf4
21. Re2 Qh6 22. Nf3 Bxf3 23. Qxf3 Bd6 24. Re1 Qd2 25. Qe2 Qf4 26. g3 Qg5 27.
Qe3 Qh5 1/2-1/2

[Event "Stuttgarter Stadtmeisterschaft B-Turnier"]
[Site "Ditzingen"]
[Date "2009.05.23"]
[Round "6.13"]
[White "Lörincz, Benjamin"]
[Black "Ruff, Robert"]
[Result "1/2-1/2"]
[WhiteElo "1898"]
[BlackElo "1725"]
[PlyCount "39"]
[EventDate "2009.??.??"]
[WhiteTeam "SK Lauffen"]
[BlackTeam "SC Gross-Sachsenheim"]

1. d4 d5 2. e3 Nf6 3. Bd3 e6 4. f4 c5 5. c3 Nc6 6. Nf3 Bd7 7. Nbd2 Qb6 8. Ne5
cxd4 9. exd4 Bd6 10. Qe2 a6 11. Ndf3 O-O 12. g4 Bxe5 13. Nxe5 Nxe5 14. fxe5 Ne4
15. Rg1 Bb5 16. g5 Qc7 17. Bd2 Bxd3 18. Qxd3 b5 19. h4 Qc4 20. Ke2 1/2-1/2

[Event "Stuttgarter Stadtmeisterschaft B-Turnier"]
[Site "Ditzingen"]
[Date "2009.05.23"]
[Round "6.14"]
[White "Felser, Martin"]
[Black "Yildiz, Serkan"]
[Result "1-0"]
[WhiteElo "1894"]
[BlackElo "1707"]
[PlyCount "131"]
[EventDate "2009.??.??"]
[WhiteTeam "SC Dillingen"]
[BlackTeam "SK Wernau"]

1. c4 Nf6 2. Nf3 d5 3. g3 c6 4. Qc2 g6 5. Bg2 Bg7 6. O-O O-O 7. d3 dxc4 8. Qxc4
Qb6 9. Nbd2 Be6 10. Qc2 Na6 11. a3 Nc5 12. b4 Na6 13. Rb1 Rac8 14. Nc4 Bxc4 15.
Qxc4 Nd5 16. Bb2 Nac7 17. Bxg7 Kxg7 18. e4 Nf6 19. a4 Ne6 20. Bh3 Nd7 21. d4
Nf6 22. Bxe6 fxe6 23. Ng5 Kh8 24. Nxe6 Rfe8 25. f3 Nd7 26. Kg2 Nf8 27. a5 Qb5
28. Qxb5 cxb5 29. Nxf8 Rxf8 30. Rbc1 Rc4 31. Rxc4 bxc4 32. Rc1 Rc8 33. Rc3 Kg7
34. Kf2 Kf6 35. f4 g5 36. f5 b6 37. axb6 axb6 38. b5 e6 39. fxe6 Kxe6 40. g4 h6
41. Ke3 Kf6 42. h3 Ke6 43. Kd2 Kd6 44. Kc2 Kd7 45. Kb2 Rf8 46. Rxc4 Rf3 47. Rc3
Rf2+ 48. Kb3 Re2 49. e5 Ke6 50. Rc6+ Kd5 51. Rd6+ Ke4 52. e6 Kf4 53. d5 Kg3 54.
Rxb6 Kxh3 55. e7 Rxe7 56. Rxh6+ Kxg4 57. d6 Rd7 58. Kc4 Kf3 59. Kd5 g4 60. Kc6
Rg7 61. d7 Rg8 62. Kc7 g3 63. d8=Q Rg7+ 64. Qd7 Rxd7+ 65. Kxd7 g2 66. Rg6 1-0

[Event "Stuttgarter Stadtmeisterschaft B-Turnie"]
[Site "Ditzingen"]
[Date "2009.05.23"]
[Round "6.15"]
[White "Herdt, Wladimir"]
[Black "Werner, Stefan"]
[Result "1-0"]
[WhiteElo "1862"]
[BlackElo "1695"]
[PlyCount "103"]
[EventDate "2009.??.??"]
[WhiteTeam "SAbt VfL Sindelfingen"]
[BlackTeam "SAbt TSV Zuffenhausen"]

1. d4 d5 2. c4 e6 3. Nf3 c6 4. e3 Nf6 5. Nc3 Nbd7 6. Bd3 dxc4 7. Bxc4 Bd6 8.
O-O O-O 9. e4 e5 10. Bg5 h6 11. Bh4 exd4 12. Nxd4 Qc7 13. h3 Re8 14. Nf5 Be5
15. Bg3 Bxg3 16. Nxg3 Nb6 17. Bb3 Be6 18. Rc1 Rad8 19. Qc2 Qf4 20. Bxe6 Rxe6
21. Rcd1 Red6 22. Nce2 Qe5 23. f4 Qa5 24. Rxd6 Rxd6 25. e5 Rd2 26. Qb3 Nfd5 27.
f5 Qc5+ 28. Kh2 Qc4 29. Qf3 Qc5 30. Ne4 Qc2 31. Nxd2 Qxd2 32. e6 Nf6 33. exf7+
Kxf7 34. Qb3+ Kf8 35. Nf4 Qd6 36. Kh1 Nfd5 37. Nxd5 Qxd5 38. Qa3+ c5 39. Qxa7
Nd7 40. Qa4 Nb6 41. Qb5 Nc4 42. f6 Ne3 43. fxg7+ Kxg7 44. Rf2 Qd1+ 45. Kh2 Qd6+
46. g3 Qd5 47. Qe2 Nf5 48. Qg4+ Kf6 49. h4 Qe5 50. h5 Ke6 51. Qg6+ Qf6 52. Re2+
1-0

[Event "Stuttgarter Stadtmeisterschaft B-Turnier"]
[Site "Ditzingen"]
[Date "2009.05.23"]
[Round "6.16"]
[White "Kvetny, Mark"]
[Black "Wenzel, Ulrich"]
[Result "1-0"]
[WhiteElo "1858"]
[BlackElo "1649"]
[PlyCount "79"]
[EventDate "2009.??.??"]
[WhiteTeam "SV Altbach e.V."]
[BlackTeam "SAbt TSF Ditzingen"]

1. d4 d5 2. c4 e5 3. dxe5 d4 4. Nf3 Nc6 5. a3 Nge7 6. e3 Bg4 7. exd4 Bxf3 8.
Qxf3 Qxd4 9. e6 fxe6 10. Be2 O-O-O 11. O-O Ne5 12. Qc3 Nf5 13. h3 Qe4 14. Re1
Nh4 15. Qg3 Nf5 16. Qf4 Qxf4 17. Bxf4 Ng6 18. Bg5 Re8 19. Nc3 Nd4 20. Bd3 Ne7
21. Re4 Nec6 22. b4 e5 23. Rae1 Be7 24. Bxe7 Rxe7 25. Nd5 Rd7 26. b5 Nxb5 27.
cxb5 Rxd5 28. Bc4 Ne7 29. Bxd5 Nxd5 30. Rxe5 c6 31. Rc1 Kd7 32. Re4 Rf8 33. Ra4
Ra8 34. Rac4 Rc8 35. f4 Nb6 36. Rd4+ Nd5 37. a4 Rf8 38. g3 Rf5 39. a5 cxb5 40.
g4 1-0

[Event "Stuttgarter Stadtmeisterschaft B-Turnier"]
[Site "Ditzingen"]
[Date "2009.05.23"]
[Round "6.17"]
[White "Bay, Johannes"]
[Black "Ellinger, Harald"]
[Result "1/2-1/2"]
[WhiteElo "1650"]
[BlackElo "1854"]
[PlyCount "53"]
[EventDate "2009.??.??"]
[WhiteTeam "SC Murrhardt 1948 e.V."]
[BlackTeam "SK e4 Gerlingen"]

1. e4 c5 2. f4 d6 3. Nf3 a6 4. Nc3 Nc6 5. Be2 g6 6. O-O Bg7 7. d3 Bg4 8. h3
Bxf3 9. Bxf3 Nd4 10. Ne2 Nxf3+ 11. Rxf3 e6 12. c3 Ne7 13. Ng3 Qd7 14. Be3 Rc8
15. Qf1 f5 16. Rd1 O-O 17. d4 c4 18. exf5 exf5 19. Bc1 d5 20. Re1 Nc6 21. Rfe3
Rfe8 22. Qf2 Kf7 23. Nf1 Re4 24. Nh2 Rce8 25. Nf3 Rxe3 26. Rxe3 Rxe3 27. Qxe3
1/2-1/2

[Event "Stuttgarter Stadtmeisterschaft B-Turnier"]
[Site "Ditzingen"]
[Date "2009.05.23"]
[Round "6.18"]
[White "Baumeister, Jürgen"]
[Black "Köller, Horst"]
[Result "0-1"]
[WhiteElo "1845"]
[BlackElo "1603"]
[PlyCount "90"]
[EventDate "2009.??.??"]
[WhiteTeam "SC Asperg"]
[BlackTeam "SC Leinfelden"]

1. d4 Nf6 2. Bg5 c6 3. Bxf6 exf6 4. e4 d5 5. exd5 cxd5 6. Bd3 Bd6 7. c3 g6 8.
Nd2 Be6 9. Qf3 Nc6 10. Nf1 O-O 11. Ne3 a6 12. Nxd5 Bxd5 13. Qxd5 Nb4 14. Qf3
Nxd3+ 15. Qxd3 Re8+ 16. Ne2 Qb6 17. Qc2 Re7 18. O-O Rae8 19. Rfe1 Qb5 20. Kf1
Bxh2 21. Qd2 Qh5 22. Qd3 Bd6 23. Ng1 Rxe1+ 24. Rxe1 Rxe1+ 25. Kxe1 Qg5 26. Ne2
Qxg2 27. Qe3 Qc6 28. Ng3 Bxg3 29. Qxg3 Qe4+ 30. Kd2 Kg7 31. Qd3 Qd5 32. b3 h5
33. c4 Qa5+ 34. Ke3 Qxa2 35. c5 Qa5 36. Kf3 Qc7 37. Qe3 Qc6+ 38. Kg3 Qd5 39. f3
g5 40. b4 h4+ 41. Kh2 Qa2+ 42. Kh3 Qe6+ 43. Qxe6 fxe6 44. f4 Kg6 45. Kg4 gxf4
0-1

[Event "Stuttgarter Stadtmeisterschaft B-Turnier"]
[Site "Ditzingen"]
[Date "2009.05.23"]
[Round "6.19"]
[White "Häfele, Torsten"]
[Black "Zikeli, Julia"]
[Result "1/2-1/2"]
[WhiteElo "1586"]
[BlackElo "1844"]
[PlyCount "41"]
[EventDate "2009.??.??"]
[WhiteTeam "SVG Vaihingen/Enz"]
[BlackTeam "SG Schwäb.Gmünd 1872 e.V"]

1. e4 c5 2. Nf3 d6 3. d4 cxd4 4. Nxd4 Nf6 5. Nc3 a6 6. Be2 e5 7. Nb3 Be6 8. Bg5
Be7 9. Bxf6 Bxf6 10. Nd5 Bxd5 11. Qxd5 Qc7 12. O-O O-O 13. c3 Nd7 14. Rad1 Be7
15. Na5 Rab8 16. Nc4 Nf6 17. Qd3 Rfd8 18. Ne3 Qc6 19. Nd5 Nxd5 20. Qxd5 Qb6 21.
Bc4 1/2-1/2

[Event "Stuttgarter Stadtmeisterschaft B-Turnier"]
[Site "Ditzingen"]
[Date "2009.05.23"]
[Round "6.21"]
[White "Liebetruth, Jimmy"]
[Black "Hengster, Wolfgang"]
[Result "1-0"]
[WhiteElo "1788"]
[BlackElo "1628"]
[PlyCount "57"]
[EventDate "2009.??.??"]
[WhiteTeam "SF Birkenfeld"]
[BlackTeam "SC Affalterbach"]

1. d4 Nf6 2. c4 g6 3. Nf3 Bg7 4. Nc3 d6 5. e4 O-O 6. Bg5 Bg4 7. h3 Bxf3 8. Qxf3
Nbd7 9. Bd3 c6 10. O-O e5 11. d5 c5 12. Bc2 h6 13. Bd2 a6 14. g4 Nh7 15. Qg3
Rb8 16. a4 Qe7 17. Kh1 Rfe8 18. Rg1 Qf6 19. Rg2 Ng5 20. Bd1 Nh7 21. Be2 Bf8 22.
Rf1 Kg7 23. h4 Qd8 24. f4 f6 25. f5 g5 26. hxg5 hxg5 27. Rh2 Be7 28. Qh3 Rh8
29. Qh6+ 1-0